| 000 | 00861cam a22003013a 4500 | ||
|---|---|---|---|
| 001 | 237 | ||
| 003 | PGUSA | ||
| 005 | 20140828082945.0 | ||
| 008 | 950301s1995||||xxu|||||s|||||000 p eng d | ||
| 040 |
_aPGUSA _beng |
||
| 042 | _adc | ||
| 050 | 4 | _aPA | |
| 100 | 1 | _aPropertius, Sextus | |
| 245 | 1 | 0 |
_aSexti Properti Elegiarvm : _bLiber Primvs _h[electronic resource] / _cSextus Propertius |
| 260 |
_bProject Gutenberg, _c1995 |
||
| 500 | _aCynthia | ||
| 506 | _aPublic domain in the USA. | ||
| 516 | _aElectronic text | ||
| 653 | _aMan-woman relationships -- Poetry | ||
| 653 | _aRome -- Poetry | ||
| 653 | _aLatin poetry | ||
| 653 | _aLove poetry, Latin | ||
| 653 | _aElegiac poetry, Latin | ||
| 740 | 0 | _aSexti Properti Elegiarum: Liber Primus | |
| 830 | 0 |
_aProject Gutenberg _v237 |
|
| 856 | 4 | 0 | _uhttp://www.gutenberg.org/ebooks/237 |
| 942 | _cEB | ||
| 999 |
_c229590 _d229590 |
||